Biotech's dictionary of ecology

Bibliographic Details
Format: Book
Published: New Delhi : Biotech Books , 2005
Subjects:

MARC

LEADER 00000cam a2200000 7i4500
001 0000021981
005 20080730.0
008 080730
020 |a 8176221333 
090 0 0 |a 503   |b BIO 
245 1 0 |a Biotech's dictionary of ecology   |c compiled & edited by Dinesh Arora 
260 |a New Delhi :   |b Biotech Books ,   |c 2005 
650 0 |a Ecology   |x Dictionaries 
650 0 |a Environmental sciences   |x Dictionaries 
999 |a 0001024944   |b Book   |c REFERENCE   |e Perbadanan Perpustakaan Awam Johor